Untouchable (TV) - Taylor Swift (All Lyrics) - Statistics

General Stats
  • This quiz has been taken 163 times
  • The average score is 361 of 396
Answer Stats
Lyrics % Correct
I
100%
the
100%
a
99%
when
99%
in
98%
In
98%
It's
98%
of
98%
Untouchable
98%
Untouchable,
98%
untouchable,
98%
you
98%
you,
98%
You
98%
be
96%
dream
96%
I'm
96%
middle
96%
night,
96%
that
96%
this
96%
to
96%
we'll
96%
your
96%
like
95%
little
95%
on,
95%
on
95%
out
95%
say
95%
million
94%
come
93%
Come
93%
name
93%
name,
93%
stars
93%
together
92%
gotta
90%
Oh,
90%
oh
90%
oh,
90%
you're
90%
and
89%
And
89%
comin'
89%
feel
89%
than
89%
undone
89%
Heaven
87%
spellin'
87%
Spellin'
87%
sun
86%
brighter
83%
me
83%
my
83%
burnin'
82%
can't
80%
by
78%
close,
78%
close
78%
just
78%
now
78%
Now
78%
side,
78%
up
78%
But
77%
taste
77%
next
76%
burning
72%
wanna
72%
why
72%
side,
71%
caught
70%
tell
70%
distant
69%
here
69%
sky
69%
all
67%
diamond
66%
know
63%
standin'
61%
won't
59%
day
58%
reachin'
57%
you'd
57%
anyway
55%
from
52%
wait
51%
half
49%
sayin'
48%
full
47%
wakin'
47%
No matching quizzes found
Score Distribution
Percent of People with Each Score
Percentile by Number Answered
Your Score History
You have not taken this quiz